000
00331nam a2200121Ia 4500
008
231129s9999||||xx |||||||||||||| ||spa||
020
_a
84-226-0845-6 (obra
040
_b
spa
082
_a
R 591.03 E56e
245
0
_a
Enciclopedia Salvat de la fauna
264
_a
Salvat Ediciones
942
_2
ddc
_c
BKS
999
_c
13021
_d
13021